[Event "37th World U20 ch"]
[Site "Kozhikode IND"]
[Date "1998.11.19"]
[Round "3.25"]
[White "De Wachter, Matthias"]
[Black "Dervishi, Erald"]
[Result "1-0"]
[WhiteElo "2170"]
[BlackElo "2430"]
[EventDate "1998.11.17"]
[PlyCount "75"]

1.d4 Nf6 2.c4 e6 3.Nc3 d5 4.cxd5 exd5 5.Bg5 Be7 6.e3 O-O 7.Bd3 h6 8.Bf4 c5
9.dxc5 Bxc5 10.Nge2 Nc6 11.O-O a6 12.Rc1 Qe7 13.Bb1 Be6 14.a3 Ba7 15.Nd4 
Nxd4 16.exd4 Rac8 17.Qd3 Rfd8 18.Rfe1 Rc6 19.Rcd1 Bb6 20.Be5 g6 21.Qg3 Nh5
22.Qe3 Kh7 23.Qf3 f5 24.Na4 Ba7 25.h4 Nf6 26.Bxf6 Qxf6 27.Nc5 b5 28.Qe3 
Re8 29.Qe5 Qf7 30.Ba2 Bb8 31.Qe3 Qc7 32.g3 f4 33.Qxf4 Qc8 34.Qe3 Bd7 35.
Qd3 Rf8 36.Re7+ Kh8 37.Qe3 Bf4 38.gxf4 1-0

[Event "37th World U20 ch"]
[Site "Kozhikode IND"]
[Date "1998.11.19"]
[Round "3.28"]
[White "Radovanovic, Dusan"]
[Black "Hansen, Torbjorn Ringdal"]
[Result "1-0"]
[WhiteElo "2225"]
[BlackElo "2060"]
[EventDate "1998.11.17"]
[PlyCount "67"]

1.e4 c6 2.d4 d5 3.e5 Bf5 4.Nc3 e6 5.g4 Bg6 6.Nge2 c5 7.h4 h5 8.Nf4 Bh7 9.
Nxh5 cxd4 10.Nb5 Nc6 11.Nxd4 Qa5+ 12.c3 Nxd4 13.Qxd4 Ne7 14.b4 Qc7 15.b5 
Rc8 16.Rh3 Ng6 17.f4 Bc5 18.Qa4 Qb6 19.Nxg7+ Kf8 20.Nh5 Bf2+ 21.Kd1 Nxh4 
22.Nf6 Kg7 23.Nh5+ Kg8 24.f5 exf5 25.Bg5 d4 26.Nf6+ Kg7 27.Nd5 Qe6 28.Bf6+
Kg8 29.Ne7+ Kf8 30.Nxc8 fxg4 31.Qb4+ Ke8 32.b6 a6 33.Nd6+ Kf8 34.Nf5+ 1-0

[Event "37th World U20 ch"]
[Site "Kozhikode IND"]
[Date "1998.11.19"]
[Round "3.29"]
[White "Stinis, Steven"]
[Black "Chokshi, Manthan"]
[Result "1-0"]
[WhiteElo "2005"]
[BlackElo "2220"]
[EventDate "1998.11.17"]
[PlyCount "33"]

1.Nc3 c5 2.e4 d6 3.f4 Nc6 4.Nf3 g6 5.Bc4 Bg7 6.O-O e6 7.d3 Nge7 8.Qe1 O-O 
9.f5 exf5 10.Qh4 d5 11.exd5 Na5 12.Bg5 Re8 13.Rfe1 Kf8 14.Qxh7 Nxc4 15.Bh6
Bxh6 16.Qxh6+ Kg8 17.Ng5 1-0

[Event "37th World U20 ch"]
[Site "Kozhikode IND"]
[Date "1998.11.19"]
[Round "3.32"]
[White "Alvarez Marquez, Johan Carlos"]
[Black "Kosmac, Blazimir"]
[Result "0-1"]
[WhiteElo "2200"]
[BlackElo "2175"]
[EventDate "1998.11.17"]
[PlyCount "65"]

1.d4 Nf6 2.c4 g6 3.Nc3 d5 4.cxd5 Nxd5 5.e4 Nxc3 6.bxc3 Bg7 7.Bb5+ Nd7 8.
Ne2 O-O 9.O-O c6 10.Bc4 b5 11.Bb3 Bb7 12.Bg5 c5 13.e5 c4 14.Bc2 Nb6 15.Qd2
f6 16.exf6 exf6 17.Bf4 Nd5 18.Bg3 Re8 19.Rfe1 Qd7 20.a4 a6 21.axb5 axb5 
22.Rxa8 Rxa8 23.Be4 f5 24.Bxd5+ Qxd5 25.f3 Qd7 26.Rd1 Ra3 27.Be5 Bf8 28.h4
Qe7 29.h5 g5 30.Bg3 Bc8 31.f4 g4 32.Rb1 b4 33.Rxb4 0-1

[Event "37th World U20 ch"]
[Site "Kozhikode IND"]
[Date "1998.11.19"]
[Round "3.35"]
[White "Uberoi, Arjun"]
[Black "Menon, R. Praveen"]
[Result "1/2-1/2"]
[WhiteElo "2070"]
[BlackElo "2005"]
[EventDate "1998.11.17"]
[PlyCount "27"]

1.d4 Nf6 2.Nf3 e6 3.Bg5 Be7 4.c4 d5 5.e3 b6 6.Nc3 Bb7 7.cxd5 Nxd5 8.Nxd5 
Bxd5 9.Bxe7 Qxe7 10.Be2 Qb4+ 11.Qd2 Qxd2+ 12.Nxd2 Nd7 13.Bf3 c5 14.Rc1 
1/2-1/2

[Event "37th World U20 ch"]
[Site "Kozhikode IND"]
[Date "1998.11.20"]
[Round "4.1"]
[White "Houska, Miroslav"]
[Black "Banikas, Hristos"]
[Result "0-1"]
[WhiteElo "2375"]
[BlackElo "2490"]
[EventDate "1998.11.17"]
[PlyCount "42"]

1.d4 Nf6 2.c4 g6 3.Nc3 Bg7 4.e4 d6 5.f4 c5 6.d5 O-O 7.Nf3 a6 8.a4 e5 9.
fxe5 Ng4 10.exd6 f5 11.exf5 Bxf5 12.Be2 Qxd6 13.g3 Nxh2 14.Rxh2 Qxg3+ 15.
Kd2 Qf4+ 16.Ke1 Qg3+ 17.Kd2 Bxc3+ 18.bxc3 Be4 19.Qf1 Rxf3 20.Bxf3 Qxh2+ 
21.Qe2 Qf4+ 0-1

[Event "37th World U20 ch"]
[Site "Kozhikode IND"]
[Date "1998.11.20"]
[Round "4.2"]
[White "Sadvakasov, Darmen"]
[Black "Halkias, Stelios"]
[Result "1-0"]
[WhiteElo "2440"]
[BlackElo "2435"]
[EventDate "1998.11.17"]
[PlyCount "74"]

1.c4 Nf6 2.Nc3 c5 3.Nf3 b6 4.e3 e6 5.d4 cxd4 6.exd4 Bb7 7.a3 d6 8.Be2 Nbd7
9.O-O Be7 10.Re1 O-O 11.b4 Ne4 12.Nxe4 Bxe4 13.Nd2 Bb7 14.Bf3 Qc7 15.Bb2 
Rac8 16.Rc1 Bg5 17.Bxb7 Qxb7 18.Rc2 Nf6 19.Nf3 Bh6 20.d5 e5 21.Bc1 Bxc1 
22.Qxc1 Qa6 23.Nh4 g6 24.Nf5 Rcd8 25.Qh6 gxf5 26.Qg5+ Kh8 27.Qxf6+ Kg8 28.
Qxf5 f6 29.Rc3 Qc8 30.Qh5 f5 31.c5 f4 32.Rec1 dxc5 33.Qg5+ Kf7 34.Qxe5 Qg4
35.h3 Qh4 36.bxc5 Rde8 37.Qd4 Kg8 1-0

[Event "37th World U20 ch"]
[Site "Kozhikode IND"]
[Date "1998.11.20"]
[Round "4.3"]
[White "Dao Thien Hai"]
[Black "Fedorchuk, Sergei"]
[Result "1/2-1/2"]
[WhiteElo "2580"]
[BlackElo "2415"]
[EventDate "1998.11.17"]
[PlyCount "149"]

1.d4 Nf6 2.c4 e6 3.Nc3 Bb4 4.Qc2 O-O 5.a3 Bxc3+ 6.Qxc3 Ne4 7.Qc2 f5 8.e3 
b6 9.Nh3 Qh4 10.g3 Qe7 11.Bg2 Bb7 12.O-O c5 13.b3 Nc6 14.Bb2 Rac8 15.dxc5 
Qxc5 16.b4 Qe7 17.f3 Nf6 18.Qb3 d6 19.Nf4 Qd7 20.e4 Ne5 21.Bxe5 dxe5 22.
Nd3 Qc7 23.c5 fxe4 24.fxe4 Rce8 25.Rac1 Qd7 26.Nf2 bxc5 27.Rxc5 Qd6 28.Qc3
Qb6 29.a4 Rc8 30.a5 Rxc5 31.bxc5 Qc7 32.Qc4 Qc6 33.Rc1 Rd8 34.Bf1 Rd4 35.
Qb5 Rd8 36.Qb2 Rd4 37.a6 Bc8 38.Qb8 Nd7 39.Qb5 Qxb5 40.Bxb5 Rb4 41.Bxd7 
Bxd7 42.c6 Bc8 43.Nd3 Rb5 44.Rc5 Rb1+ 45.Kf2 Kf7 46.Nxe5+ Ke7 47.Nc4 Bxa6 
48.c7 Kd7 49.e5 Rd1 50.Nd6 Rd5 51.c8=Q+ Bxc8 52.Rxc8 Rxe5 53.Rd8+ Kc7 54.
Rg8 Kxd6 55.Rxg7 Rh5 56.Rxa7 Rxh2+ 57.Kf3 Ke5 58.g4 h6 59.Kg3 Rh1 60.Kg2 
Re1 61.Rh7 Kf4 62.Rxh6 Kxg4 63.Kf2 Re4 64.Rh8 Kf4 65.Rf8+ Ke5 66.Rd8 Ra4 
67.Ke3 Ra3+ 68.Ke2 Ke4 69.Rh8 Ra2+ 70.Ke1 e5 71.Rh4+ Kd3 72.Rh3+ Kd4 73.
Rh4+ e4 74.Rh3 Rg2 75.Ra3 1/2-1/2

[Event "37th World U20 ch"]
[Site "Kozhikode IND"]
[Date "1998.11.20"]
[Round "4.4"]
[White "Janssen, Ruud"]
[Black "Zhang Zhong"]
[Result "0-1"]
[WhiteElo "2345"]
[BlackElo "2510"]
[EventDate "1998.11.17"]
[PlyCount "66"]

1.Nf3 f5 2.g3 Nf6 3.Bg2 g6 4.d4 Bg7 5.b4 d6 6.Bb2 O-O 7.c4 Ne4 8.Nbd2 c5 
9.Nxe4 fxe4 10.Ng5 Nc6 11.Bxe4 Nxd4 12.O-O e6 13.e3 Qxg5 14.exd4 Qf6 15.
bxc5 dxc5 16.Rb1 cxd4 17.Ba3 Rf7 18.c5 e5 19.Bd5 Be6 20.Bxb7 Rd8 21.Be4 
Bc4 22.c6 Bxf1 23.Qxf1 Bf8 24.Bxf8 Kxf8 25.Rb7 d3 26.Rxf7+ Kxf7 27.c7 Rc8 
28.Qh3 d2 29.Qxc8 d1=Q+ 30.Kg2 Qd2 31.Bf3 e4 32.Be2 e3 33.Kh3 exf2 0-1

[Event "37th World U20 ch"]
[Site "Kozhikode IND"]
[Date "1998.11.20"]
[Round "4.5"]
[White "Jenni, Florian"]
[Black "Al-Rakib, Abdullah"]
[Result "1-0"]
[WhiteElo "2430"]
[BlackElo "2350"]
[EventDate "1998.11.17"]
[PlyCount "71"]

1.e4 c6 2.d4 d5 3.Nc3 dxe4 4.Nxe4 Nd7 5.Bc4 Ndf6 6.Ng5 e6 7.N5f3 c5 8.Ne2 
a6 9.a4 h6 10.c3 cxd4 11.Nexd4 Bd6 12.Qe2 Ne7 13.Ne5 O-O 14.Bf4 Ned5 15.
Bg3 Qc7 16.O-O b6 17.Rfe1 Bb7 18.Rad1 Rfe8 19.Bd3 Nd7 20.Nxf7 Bxg3 21.fxg3
Kxf7 22.Nxe6 Qe5 23.Bg6+ Kxg6 24.Qg4+ Kf7 25.Rxe5 Nxe5 26.Qxg7+ Kxe6 27.
Qxb7 Rad8 28.c4 Nb4 29.Qxb6+ Nbc6 30.Re1 Kd6 31.Rf1 Rf8 32.Rd1+ Ke7 33.
Qc7+ Ke6 34.Re1 Rc8 35.Qg7 Rf6 36.Qg4+ 1-0

[Event "37th World U20 ch"]
[Site "Kozhikode IND"]
[Date "1998.11.20"]
[Round "4.6"]
[White "Fressinet, Laurent"]
[Black "Kidambi, Sundararajan"]
[Result "1-0"]
[WhiteElo "2455"]
[BlackElo "2285"]
[EventDate "1998.11.17"]
[PlyCount "87"]

1.e4 c6 2.d4 d5 3.Nc3 dxe4 4.Nxe4 Nd7 5.Ng5 Ngf6 6.Bd3 e6 7.N1f3 Bd6 8.Qe2
h6 9.Ne4 Nxe4 10.Qxe4 Qc7 11.Qg4 Kf8 12.Be3 Nf6 13.Qh4 b6 14.g4 Nd5 15.
O-O-O Bb7 16.c4 c5 17.dxc5 Bxc5 18.Bxc5+ Qxc5 19.Ne5 Qc7 20.Rhe1 b5 21.Kb1
bxc4 22.Bxc4 g5 23.Qg3 Kg7 24.Rc1 Qd8 25.Bb3 Rc8 26.Rxc8 Qxc8 27.Rc1 Qd8 
28.Nd3 Qf6 29.Nc5 Ba8 30.Nd7 Qf4 31.Bxd5 Qxg3 32.hxg3 Bxd5 33.Rc7 Ra8 34.
Ne5 Be4+ 35.Kc1 Bg6 36.b4 Kf6 37.Nd7+ Kg7 38.Nc5 Kf6 39.Nd7+ Kg7 40.b5 Bd3
41.a4 Kg8 42.Ne5 Bg6 43.Nc6 Be4 44.Nxa7 1-0

[Event "37th World U20 ch"]
[Site "Kozhikode IND"]
[Date "1998.11.20"]
[Round "4.7"]
[White "Turzo, Attila"]
[Black "Socko, Bartosz"]
[Result "0-1"]
[WhiteElo "2345"]
[BlackElo "2475"]
[EventDate "1998.11.17"]
[PlyCount "86"]

1.d4 Nf6 2.c3 g6 3.Bg5 Bg7 4.Nd2 d5 5.e3 b6 6.Bd3 c5 7.f4 Bf5 8.Bxf5 gxf5 
9.Bxf6 Bxf6 10.Qh5 e6 11.Ngf3 Nc6 12.O-O Qe7 13.Ne5 Bxe5 14.fxe5 O-O-O 15.
Kh1 Rhg8 16.Rf4 Rg7 17.Qh4 Qb7 18.Qf2 Rdg8 19.g3 h5 20.Rh4 Rh8 21.Nf3 Rg4 
22.h3 Rgg8 23.Rf4 Qa6 24.Kh2 Qd3 25.Qe1 Qa6 26.b3 c4 27.Qe2 Ne7 28.Nh4 Kb7
29.b4 Qa3 30.Qc2 Ng6 31.Nxg6 fxg6 32.Rf2 g5 33.Rb1 Kc6 34.e4 fxe4 35.b5+ 
Kd7 36.Rb4 e3 37.Rf7+ Ke8 38.Rf6 Kd8 39.Rf7 Rf8 40.Qg6 Qxa2+ 41.Kh1 Rxf7 
42.Qxf7 Re8 43.Qf6+ Kd7 0-1

[Event "37th World U20 ch"]
[Site "Kozhikode IND"]
[Date "1998.11.20"]
[Round "4.8"]
[White "Khamrakulov, Ibragim"]
[Black "Mirzoev, Azer"]
[Result "0-1"]
[WhiteElo "2315"]
[BlackElo "2445"]
[EventDate "1998.11.17"]
[PlyCount "95"]

1.e4 c5 2.c3 Nf6 3.e5 Nd5 4.Nf3 Nc6 5.d4 cxd4 6.cxd4 d6 7.Bc4 Nb6 8.Bb3 
dxe5 9.d5 Na5 10.Nc3 f6 11.Be3 g6 12.h4 Nxb3 13.axb3 h5 14.Qd3 Bf5 15.Qb5+
Kf7 16.O-O Bh6 17.Rxa7 Bxe3 18.Rxa8 Bxf2+ 19.Rxf2 Nxa8 20.Qxb7 Qb6 21.Qxb6
Nxb6 22.Nh2 Rb8 23.Nf1 Nc8 24.Nd2 Rb4 25.g3 Nd6 26.Nc4 Rxb3 27.Na5 Rb4 28.
Nc6 Rg4 29.Kh2 Ne4 30.Nxe4 Rxe4 31.Rd2 Re1 32.Kg2 Rb1 33.Na5 Rc1 34.Kf3 
Bg4+ 35.Kf2 Bh3 36.Nc6 Rf1+ 37.Ke3 Bg4 38.Rf2 Re1+ 39.Kd3 Ke8 40.b4 e4+ 
41.Kd2 Rb1 42.Ke3 Re1+ 43.Kd2 Rd1+ 44.Ke3 Bf5 45.Rb2 Rd3+ 46.Kf2 Bg4 47.b5
e3+ 48.Kg2 0-1

[Event "37th World U20 ch"]
[Site "Kozhikode IND"]
[Date "1998.11.20"]
[Round "4.9"]
[White "Kalod, Radek"]
[Black "Williams, Simon"]
[Result "1-0"]
[WhiteElo "2435"]
[BlackElo "2335"]
[EventDate "1998.11.17"]
[PlyCount "131"]

1.e4 e6 2.d4 d5 3.e5 c5 4.c3 Nc6 5.Nf3 Bd7 6.a3 f6 7.b4 fxe5 8.dxe5 Qc7 9.
Bf4 O-O-O 10.Bd3 Nh6 11.O-O Nf7 12.Re1 c4 13.Bf1 Be7 14.b5 Na5 15.Nd4 h5 
16.h3 g5 17.Bh2 Rh6 18.Nd2 Rdh8 19.f4 gxf4 20.N2f3 Rg6 21.Bxf4 Qd8 22.Kh1 
Rhg8 23.Ra2 Qf8 24.a4 Nd8 25.Bh2 b6 26.Rf2 Ndb7 27.Qc2 Qg7 28.Bf4 Nc5 29.
g3 Be8 30.Re3 Qh8 31.Kh2 R6g7 32.Nf5 Bg6 33.Nxe7+ Rxe7 34.Qd1 Bd3 35.Bg5 
Rf7 36.Bf6 Qh6 37.Qe1 Ne4 38.Bxd3 cxd3 39.Rxe4 dxe4 40.Qxe4 Qg6 41.Qxg6 
Rxg6 42.Rd2 Rd7 43.Nd4 Rxf6 44.exf6 e5 45.Nc6 e4 46.Ne5 Nb3 47.Nxd7 Kxd7 
48.Rd1 Ke6 49.g4 hxg4 50.hxg4 Kxf6 51.Kg3 Ke5 52.g5 Kf5 53.g6 Kxg6 54.Kf4 
Nc5 55.Ra1 Kf6 56.a5 bxa5 57.Rxa5 d2 58.Ra1 Nd3+ 59.Ke3 Nc5 60.Rd1 Na4 61.
Kxd2 e3+ 62.Kc2 Ke5 63.Ra1 Nc5 64.Rxa7 Kd5 65.Rc7 Ne4 66.Kd3 1-0

[Event "37th World U20 ch"]
[Site "Kozhikode IND"]
[Date "1998.11.20"]
[Round "4.10"]
[White "Salmensuu, Olli"]
[Black "Vuckovic, Bojan"]
[Result "1/2-1/2"]
[WhiteElo "2420"]
[BlackElo "2435"]
[EventDate "1998.11.17"]
[PlyCount "72"]

1.e4 c5 2.Nf3 d6 3.d4 cxd4 4.Nxd4 Nf6 5.f3 e5 6.Nb3 Be6 7.Nc3 Be7 8.Be3 
O-O 9.Qd2 a6 10.O-O-O b5 11.g4 b4 12.Nd5 Bxd5 13.exd5 a5 14.Kb1 Qc7 15.g5 
Nfd7 16.f4 a4 17.Nc1 exf4 18.Bxf4 Qb7 19.Re1 Nb6 20.Qxb4 Qxd5 21.Bd3 Nc8 
22.Be4 Qa5 23.Nd3 d5 24.Qxa5 Rxa5 25.Bf5 Nc6 26.Bd7 Ra6 27.a3 Rd8 28.Bg4 
Nd6 29.Ne5 Ne4 30.Be2 Rb6 31.Nxc6 Rxc6 32.Bb5 Rb6 33.Bxa4 Bxa3 34.Bb3 Bd6 
35.Be3 Rb5 36.Rd1 Be5 1/2-1/2

[Event "37th World U20 ch"]
[Site "Kozhikode IND"]
[Date "1998.11.20"]
[Round "4.12"]
[White "Belmonte, Diego Mariano"]
[Black "Blehm, Pawel"]
[Result "1/2-1/2"]
[WhiteElo "2200"]
[BlackElo "2420"]
[EventDate "1998.11.17"]
[PlyCount "71"]

1.d4 Nf6 2.c4 g6 3.Nc3 Bg7 4.Nf3 d6 5.g3 O-O 6.Bg2 Nc6 7.d5 Na5 8.Nd2 c5 
9.O-O a6 10.Qc2 Rb8 11.b3 b5 12.Rb1 Bf5 13.e4 Bd7 14.h3 bxc4 15.bxc4 Rxb1 
16.Ncxb1 Qb6 17.Ba3 Rb8 18.Nc3 e5 19.Rb1 Qc7 20.Bf1 Bh6 21.Nf3 Ne8 22.Rxb8
Qxb8 23.Qb1 Qc7 24.Kh2 Ng7 25.Bd3 f6 26.Ne2 Nb7 27.Bb2 f5 28.Nh4 Qc8 29.
exf5 Nxf5 30.Bxf5 Bxf5 31.Nxf5 Qxf5 32.Qxf5 gxf5 33.Bc3 Kf7 34.Kg2 Bg5 35.
g4 fxg4 36.hxg4 1/2-1/2

[Event "37th World U20 ch"]
[Site "Kozhikode IND"]
[Date "1998.11.20"]
[Round "4.14"]
[White "Kobalia, Mikhail"]
[Black "Bakre, Tejas"]
[Result "1-0"]
[WhiteElo "2505"]
[BlackElo "2290"]
[EventDate "1998.11.17"]
[PlyCount "100"]

1.e4 c5 2.Nf3 d6 3.d4 cxd4 4.Nxd4 Nf6 5.Nc3 Nc6 6.Bg5 e6 7.Qd2 a6 8.O-O-O 
Bd7 9.f3 Be7 10.Kb1 Rc8 11.h4 b5 12.Nxc6 Bxc6 13.Ne2 h6 14.Bxf6 gxf6 15.
Nf4 Qb6 16.g4 Bb7 17.c3 Kd7 18.Bd3 Kc7 19.Bc2 Kb8 20.Bb3 Rc7 21.a3 Ka8 22.
Nh5 Rc5 23.Qf4 Qd8 24.Rd3 Rh7 25.Rhd1 Rh8 26.Nxf6 Rc6 27.g5 hxg5 28.hxg5 
Qf8 29.a4 Qg7 30.Qe3 Rd8 31.e5 d5 32.f4 Bc5 33.Qe2 Rb6 34.axb5 axb5 35.Rh3
Bc6 36.Rh7 Qf8 37.Qh5 Rb7 38.Qh6 Ka7 39.f5 b4 40.Qxf8 Rxf8 41.g6 bxc3 42.
Kc2 cxb2 43.g7 Rfb8 44.g8=Q Rxb3 45.Qxf7+ R3b7 46.Kb1 Rxf7 47.Rxf7+ Rb7 
48.fxe6 d4 49.Rxb7+ Kxb7 50.Kxb2 Kc7 1-0

[Event "37th World U20 ch"]
[Site "Kozhikode IND"]
[Date "1998.11.20"]
[Round "4.16"]
[White "Sasikiran, Krishnan"]
[Black "Radovanovic, Dusan"]
[Result "1/2-1/2"]
[WhiteElo "2470"]
[BlackElo "2225"]
[EventDate "1998.11.17"]
[PlyCount "100"]

1.d4 Nf6 2.Nf3 g6 3.Bg5 Bg7 4.Nbd2 O-O 5.c3 b6 6.e4 d5 7.Bd3 Bb7 8.Bxf6 
exf6 9.O-O dxe4 10.Bxe4 Bxe4 11.Nxe4 f5 12.Ned2 Nd7 13.Re1 c5 14.Nc4 cxd4 
15.Nxd4 Qc7 16.Ne3 Nf6 17.Qc2 Rfe8 18.Nf3 Re4 19.Red1 Rae8 20.Rd2 Ng4 21.
Nd5 Qc5 22.Qd3 Ne5 23.Nxe5 Bxe5 24.g3 Kg7 25.Kg2 Rd8 26.Rad1 Bb8 27.b3 b5 
28.Rc2 Re5 29.c4 bxc4 30.bxc4 Re4 31.Rb1 Rd4 32.Qc3 Be5 33.Rb5 Qc6 34.Qb3 
h5 35.Ra5 Rb8 36.Qe3 Re8 37.Qb3 Rb8 38.Qa4 Qxa4 39.Rxa4 Rc8 40.Ra5 Bb8 41.
Ne3 f4 42.Rd5 Rxd5 43.Nxd5 fxg3 44.fxg3 Bd6 45.Kf3 g5 46.Ke4 Kg6 47.Nc3 
Bb4 48.Na4 f5+ 49.Kf3 g4+ 50.Kg2 h4 1/2-1/2

[Event "37th World U20 ch"]
[Site "Kozhikode IND"]
[Date "1998.11.20"]
[Round "4.18"]
[White "Abbasov, Farid"]
[Black "Florean, Andrei"]
[Result "0-1"]
[WhiteElo "2290"]
[BlackElo "2450"]
[EventDate "1998.11.17"]
[PlyCount "86"]

1.e4 c5 2.c3 d5 3.exd5 Qxd5 4.d4 e6 5.Nf3 Nf6 6.Bd3 cxd4 7.cxd4 Nc6 8.O-O 
Be7 9.Nc3 Qd6 10.a3 O-O 11.Be3 b6 12.Qe2 Bb7 13.Rad1 Rac8 14.Bb1 a6 15.
Rfe1 b5 16.Qd3 g6 17.Bg5 Na5 18.Qe2 Rfe8 19.Ne5 Nc4 20.a4 Qb4 21.Nd3 Qa5 
22.b4 Qb6 23.Nc5 Ba8 24.a5 Qc6 25.f3 Nd5 26.Nxd5 Bxg5 27.Nc3 Rcd8 28.Rd3 
Bf6 29.Red1 Bg7 30.Qf2 Qc8 31.Bc2 Bd5 32.Kh1 h5 33.Re1 Qc6 34.Rdd1 Qa8 35.
Nb1 Bc6 36.Be4 Nd6 37.Bxc6 Qxc6 38.Qa2 Qa8 39.Qb3 Nf5 40.d5 Nd4 41.Qa2 
Nxf3 42.Re3 Nd4 43.dxe6 Nxe6 0-1

[Event "37th World U20 ch"]
[Site "Kozhikode IND"]
[Date "1998.11.20"]
[Round "4.20"]
[White "Hossain, Enamul"]
[Black "De Wachter, Matthias"]
[Result "1-0"]
[WhiteElo "2335"]
[BlackElo "2170"]
[EventDate "1998.11.17"]
[PlyCount "105"]

1.e4 c6 2.d4 d5 3.Nc3 dxe4 4.Nxe4 Nd7 5.Ng5 Ngf6 6.Bd3 e6 7.Qe2 Bd6 8.N1f3
h6 9.Ne4 Nxe4 10.Qxe4 Qc7 11.Qg4 Kf8 12.O-O c5 13.c3 b6 14.Qh4 Bb7 15.Be4 
Bxe4 16.Qxe4 Ke7 17.dxc5 bxc5 18.Re1 Nf6 19.Qe2 Nd5 20.g3 Rhd8 21.c4 Nb4 
22.a3 Nc6 23.Bd2 Kf8 24.Bc3 Re8 25.Qe4 Kg8 26.Qg4 e5 27.Nh4 Kh7 28.Nf5 g6 
29.Ne3 Qc8 30.Qf3 f5 31.Nd5 Rf8 32.b4 e4 33.Qd1 Be5 34.f3 Bxc3 35.Nxc3 
cxb4 36.Nd5 Ne5 37.fxe4 Qxc4 38.Rc1 Qd3 39.Rc7+ Kh8 40.Qa1 Rae8 41.axb4 
Kg8 42.Re3 Qd2 43.Qxa7 Qd1+ 44.Kg2 Qd2+ 45.Kh3 Rf7 46.Rxf7 Nxf7 47.Nf6+ 
Kf8 48.Qc5+ Re7 49.Nh7+ Ke8 50.Qc6+ Rd7 51.Nf6+ Kf8 52.Nxd7+ Kg8 53.Qxg6+ 
1-0

[Event "37th World U20 ch"]
[Site "Kozhikode IND"]
[Date "1998.11.20"]
[Round "4.23"]
[White "Goldenberg, Danny"]
[Black "Stinis, Steven"]
[Result "1/2-1/2"]
[WhiteElo "2325"]
[BlackElo "2005"]
[EventDate "1998.11.17"]
[PlyCount "85"]

1.e4 Nf6 2.e5 Nd5 3.d4 d6 4.Nf3 Bg4 5.Be2 Nc6 6.c4 Nb6 7.exd6 cxd6 8.d5 
Bxf3 9.Bxf3 Ne5 10.Be2 g6 11.f4 Ned7 12.Be3 Bg7 13.Bd4 O-O 14.O-O Qc7 15.
Bxg7 Kxg7 16.b3 e5 17.f5 f6 18.Nc3 g5 19.Rc1 a6 20.Rf3 Rh8 21.Ne4 Nc5 22.
Nf2 a5 23.Qd2 Nbd7 24.Bd1 e4 25.Re3 Nd3 26.Nxd3 exd3 27.Rxd3 Ne5 28.Rdc3 
Qc5+ 29.Kh1 Rhc8 30.h4 h6 31.Bh5 Rc7 32.Be2 Rac8 33.g4 Qb4 34.a4 Qc5 35.
Kg2 Rh8 36.Rh1 Rcc8 37.Rch3 b6 38.R1h2 Rce8 39.Rh1 Rc8 40.Kf1 Rce8 41.Bd1 
Nf7 42.Bc2 gxh4 43.Rxh4 1/2-1/2

[Event "37th World U20 ch"]
[Site "Kozhikode IND"]
[Date "1998.11.20"]
[Round "4.24"]
[White "Janz, Frerik"]
[Black "Dias, Paulo"]
[Result "1-0"]
[WhiteElo "2240"]
[BlackElo "2295"]
[EventDate "1998.11.17"]
[PlyCount "43"]

1.e4 e6 2.b3 d5 3.Bb2 Nf6 4.e5 Nfd7 5.f4 b6 6.Nf3 c5 7.Na3 Be7 8.c3 O-O 9.
Nc2 f6 10.d4 a5 11.a4 cxd4 12.cxd4 Nc6 13.Bb5 Nb4 14.O-O fxe5 15.Nxb4 Bxb4
16.fxe5 Ba6 17.Bxa6 Rxa6 18.Rc1 Nb8 19.Qd3 Ra7 20.Rc2 Rff7 21.Rfc1 Rfc7 
22.Ng5 1-0

[Event "37th World U20 ch"]
[Site "Kozhikode IND"]
[Date "1998.11.20"]
[Round "4.25"]
[White "Ramu, K."]
[Black "Saurabh, Kherdekar"]
[Result "1/2-1/2"]
[WhiteElo "2125"]
[BlackElo "2265"]
[EventDate "1998.11.17"]
[PlyCount "128"]

1.e4 c5 2.Nf3 Nc6 3.d4 cxd4 4.Nxd4 Nf6 5.Nc3 e5 6.Ndb5 d6 7.Bg5 a6 8.Na3 
b5 9.Nd5 Be7 10.Bxf6 Bxf6 11.c3 O-O 12.Nc2 Bg5 13.a4 bxa4 14.Rxa4 a5 15.
Bc4 Rb8 16.b3 Kh8 17.h4 Bh6 18.g4 Bf4 19.Nce3 Bxe3 20.Nxe3 Ne7 21.h5 Bb7 
22.Qf3 Ng8 23.Nd5 Bxd5 24.Bxd5 Qg5 25.Rxa5 Nf6 26.b4 Rfc8 27.Ke2 Qxg4 28.
Qxg4 Nxg4 29.f3 Nf6 30.Kd3 Kg8 31.Ra6 Rd8 32.Kc4 Kf8 33.Ra7 Nxd5 34.Kxd5 
Rdc8 35.Rc1 Rb6 36.Ra4 Ke7 37.c4 Rbc6 38.Ra5 Rb6 39.Ra7+ Kf6 40.Ra4 Rcb8 
41.c5 dxc5 42.bxc5 Rd8+ 43.Kc4 Rbb8 44.Ra6+ Ke7 45.c6 Rdc8 46.Kc5 Rc7 47.
Rca1 Ke6 48.Ra7 Rxa7 49.Rxa7 Rb1 50.Rb7 Rc1+ 51.Kb6 h6 52.Kc7 g6 53.hxg6 
fxg6 54.Rb2 h5 55.Rg2 Kf6 56.Kd7 Rd1+ 57.Kc8 h4 58.c7 Rc1 59.Rb2 Kg5 60.
Rh2 Kf4 61.Rh3 g5 62.Kd7 Rd1+ 63.Ke6 Rc1 64.Kd7 Rd1+ 1/2-1/2

[Event "37th World U20 ch"]
[Site "Kozhikode IND"]
[Date "1998.11.20"]
[Round "4.26"]
[White "Laxman, Rajaram"]
[Black "Beenish, Bhatia"]
[Result "1-0"]
[WhiteElo "2225"]
[BlackElo "2190"]
[EventDate "1998.11.17"]
[PlyCount "81"]

1.e4 c5 2.c3 d6 3.d4 Nf6 4.f3 Nbd7 5.d5 g6 6.Nh3 Bg7 7.Be2 O-O 8.O-O Rb8 
9.a4 a6 10.Na3 Re8 11.Nf2 Nf8 12.Qc2 e6 13.c4 e5 14.Bd2 a5 15.f4 Qe7 16.
Nb5 b6 17.Rae1 N6d7 18.f5 h6 19.g4 Nh7 20.Qc1 g5 21.Kg2 f6 22.Nc7 Rf8 23.
Ne6 Rf7 24.h4 Ndf8 25.Rh1 Rb7 26.Rh2 Nd7 27.Reh1 Bf8 28.Nd3 Nb8 29.Ne1 Na6
30.hxg5 hxg5 31.Rh5 Nb4 32.Nf3 Bxe6 33.fxe6 Rg7 34.Nh2 Qe8 35.Nf1 Qg6 36.
Ng3 Na6 37.Nf5 Rbc7 38.R1h3 Nb4 39.b3 Na6 40.Qh1 Nb4 41.Rh6 1-0

[Event "37th World U20 ch"]
[Site "Kozhikode IND"]
[Date "1998.11.20"]
[Round "4.27"]
[White "Satyapragyan, Swayangsu"]
[Black "De Silva, Nirosh"]
[Result "1-0"]
[WhiteElo "2210"]
[BlackElo "2025"]
[EventDate "1998.11.17"]
[PlyCount "111"]

1.e4 c5 2.Nf3 a6 3.c3 Nf6 4.e5 Nd5 5.Bc4 e6 6.d4 d6 7.O-O cxd4 8.cxd4 Be7 
9.Nc3 Nxc3 10.bxc3 d5 11.Bd3 O-O 12.Qc2 h6 13.Qe2 Nd7 14.a4 Re8 15.h3 Nf8 
16.Nh2 f5 17.exf6 Bxf6 18.Ng4 Bd7 19.Qf3 Bg5 20.Ba3 Be7 21.Ne5 Bxa3 22.
Qf7+ Kh8 23.Ng6+ Nxg6 24.Qxg6 Kg8 25.Qh7+ Kf7 26.Qg6+ Kf8 27.Rxa3 Qf6 28.
a5 Qxg6 29.Bxg6 Rec8 30.Bd3 Rc7 31.Rb1 Rac8 32.Rbb3 Ke7 33.Kf1 Kf6 34.Ke2 
Be8 35.Kd2 Bg6 36.Bxg6 Kxg6 37.Rb6 Re8 38.Ra1 Ree7 39.Re1 Kf5 40.Re5+ Kf6 
41.Rxd5 Rc4 42.Re5 Kf7 43.f4 Rec7 44.Rbxe6 Rxc3 45.Re7+ Rxe7 46.Rxe7+ Kxe7
47.Kxc3 Kd6 48.Kc4 b5+ 49.axb6 Kc6 50.g4 Kxb6 51.h4 Kc6 52.f5 Kd6 53.g5 
hxg5 54.hxg5 a5 55.Kb5 Kd5 56.Kxa5 1-0

[Event "37th World U20 ch"]
[Site "Kozhikode IND"]
[Date "1998.11.20"]
[Round "4.28"]
[White "Kosmac, Blazimir"]
[Black "Sutkovic, Damir"]
[Result "0-1"]
[WhiteElo "2175"]
[BlackElo "2205"]
[EventDate "1998.11.17"]
[PlyCount "86"]

1.e4 c6 2.d4 d5 3.Nc3 g6 4.Nf3 Bg7 5.h3 Nh6 6.Bd3 O-O 7.O-O f6 8.Qe2 Nf7 
9.Rd1 Re8 10.a4 a5 11.Ra3 e6 12.h4 Na6 13.e5 Nb4 14.Bf4 b6 15.Re1 f5 16.
Nb1 Bf8 17.Qd2 h6 18.Bf1 Kh7 19.c3 Na6 20.Ra1 Be7 21.Bg3 Nc7 22.Bd3 Ba6 
23.Bc2 c5 24.Kh2 Kg7 25.Rh1 b5 26.dxc5 Bxc5 27.Nd4 b4 28.Nc6 Qd7 29.Nxa5 
Rab8 30.Nb3 Ba7 31.cxb4 g5 32.b5 Bb7 33.f4 Qe7 34.Na3 gxh4 35.Bf2 d4 36.
Bxd4 Rbd8 37.Qf2 Bxd4 38.Nxd4 Rg8 39.Nf3 Qb4 40.Qxh4 Kh8 41.Qf6+ Rg7 42.
Ng5 Qxf4+ 43.Kg1 Qxg5 0-1

[Event "37th World U20 ch"]
[Site "Kozhikode IND"]
[Date "1998.11.20"]
[Round "4.29"]
[White "Dervishi, Erald"]
[Black "Karatekin, Tamer"]
[Result "1/2-1/2"]
[WhiteElo "2430"]
[BlackElo "2325"]
[EventDate "1998.11.17"]
[PlyCount "66"]

1.e4 c6 2.d4 d5 3.Nd2 dxe4 4.Nxe4 Bf5 5.Ng3 Bg6 6.h4 h6 7.Nf3 Nf6 8.Ne5 
Bh7 9.Bc4 e6 10.Qe2 Nd5 11.Bb3 Nd7 12.Bd2 Nxe5 13.dxe5 a5 14.a4 Qb6 15.
O-O-O O-O-O 16.Ne4 Bxe4 17.Qxe4 Bb4 18.Bxb4 Nxb4 19.Qf3 Qc7 20.Qg3 g6 21.
c3 Nd5 22.Bc2 Rd7 23.Rd4 c5 24.Rd2 Rhd8 25.Rhd1 Nb6 26.Rxd7 Rxd7 27.h5 
gxh5 28.Rxd7 Qxd7 29.Qg8+ Kc7 30.Qf8 c4 31.Qxh6 Nxa4 32.Qf4 Nb6 33.Bd1 h4 
1/2-1/2

[Event "37th World U20 ch"]
[Site "Kozhikode IND"]
[Date "1998.11.20"]
[Round "4.30"]
[White "Chokshi, Manthan"]
[Black "Uberoi, Arjun"]
[Result "1/2-1/2"]
[WhiteElo "2220"]
[BlackElo "2070"]
[EventDate "1998.11.17"]
[PlyCount "39"]

1.e4 c5 2.Nc3 Nc6 3.Nge2 d6 4.g3 g6 5.Bg2 Bg7 6.O-O Rb8 7.f4 Bg4 8.h3 Bxe2
9.Nxe2 Nf6 10.d3 Nd7 11.Nc3 Nd4 12.f5 b5 13.Bg5 Nb6 14.fxg6 hxg6 15.Nd5 
Nxd5 16.exd5 Nf5 17.g4 Bd4+ 18.Kh2 Be5+ 19.Kg1 Bd4+ 20.Kh2 1/2-1/2

[Event "37th World U20 ch"]
[Site "Kozhikode IND"]
[Date "1998.11.20"]
[Round "4.31"]
[White "Menon, R. Praveen"]
[Black "Medak, Bojan"]
[Result "0-1"]
[WhiteElo "2005"]
[BlackElo "2220"]
[EventDate "1998.11.17"]
[PlyCount "39"]

1.c4 e5 2.Nc3 Nc6 3.g3 f5 4.d3 Bb4 5.Bg2 Nf6 6.Bd2 O-O 7.e4 d6 8.a3 Bc5 9.
Nf3 fxe4 10.dxe4 Bg4 11.O-O Nd4 12.h3 Nxf3+ 13.Bxf3 Bxh3 14.Bg2 Qd7 15.Qe2
Bg4 16.Qd3 Qf7 17.Nd5 Nxd5 18.Qxd5 Be6 19.Qd3 Bxf2+ 20.Rxf2 0-1